000 00498nam a2200181 i 4500
001 150291
003 ES-MaACL
005 20230906203441.0
007 t|
008 071029s1967 sp ||||1| cat d
100 1 _aVailland, Roger.
_9112406
245 1 3 _aLa truita /
_cRoger Vailland ; traducció per Armand Duval.
250 _a[1ª ed.].
260 _aBarcelona :
_bProa,
_c1967.
300 _a231 p. ;
_c17 cm.
700 1 _aDuval, Armand.
_946367
852 _aES-MaACL
_jC-32875
_bR.63738
999 _c150291
_d150291